The Path - Lorde (All Lyrics) - Statistics

General Stats
  • This quiz has been taken 7 times
  • The average score is 123 of 178
Answer Stats
Hint Answer % Correct
hope
100%
I
100%
just
100%
Let's
100%
me
100%
not
100%
path,
100%
path
100%
Path
100%
show
100%
sun
100%
the
100%
us
100%
will
100%
a
75%
it's
75%
saviour,
75%
Saviour
75%
that
75%
that's
75%
all
50%
alone
50%
are
50%
[Verse 2] Arm
50%
at
50%
[Verse 1] Born
50%
broken
50%
call
50%
camera
50%
Can't
50%
cast
50%
Caught
50%
'Cause
50%
complex
50%
dancing
50%
divorce
50%
dreams
50%
find
50%
flash
50%
for
50%
Fork
50%
from
50%
gala
50%
grass
50%
had?
50%
had
50%
having
50%
home
50%
if
50%
I'm
50%
in
50%
is
50%
island
50%
label
50%
looking
50%
millionaire
50%
mother
50%
museum
50%
my
50%
need
50%
nightmares
50%
Now
50%
of
50%
on
50%
or
50%
pain
50%
purse
50%
radio
50%
'round
50%
seasons
50%
someone
50%
Supermodels
50%
take
50%
tall
50%
to
50%
tomb
50%
we
50%
well,
50%
Well,
50%
Won't
50%
year
50%
You
50%
you?
50%
your
50%
you're
50%
and
25%
OxyContin
25%
pharaoh's
25%
Raised
25%
sad
25%
Teen
25%
Where
25%
windswept
25%
ah-ah
0%
Ah-ah-ah,
0%
ah-ah-ah,
0%
arе
0%
thе
0%
No matching quizzes found
Score Distribution
Percent of People with Each Score
Percentile by Number Answered
Your Score History
You have not taken this quiz